000 02106nam a2200361 4500
001 0000021994
003 CO-CtgCURN
005 20250825223112.0
007 ta
008 160627s2001 000 0 eng d
020 _a9586353966
040 _aCO-CtgCURN
_bspa
_ccoctgcurn
082 0 _a342.0664
_bP35a
100 1 _aPenagos Vargas, Gustavo.
245 1 3 _aEl acto administrativo /
_cGustavo Penagos Vargas.
250 _a7a. ed. Corregida, aumentada y actualizada.
260 _aBogotá :
_bEdiciones Libreria del Profesional,
_c2001.
300 _axlvi, 789 p.
336 _2rdacontent
337 _2rdamedia
_asin mediacion
_bn
338 _2rdacarrier
_avolumen
_bnc
500 _aIncluye indice\Tomo I Parte general.
504 _aBibliografia (p. 773-789)
505 8 _aEl acto administrativo fundamento del derecho administrativo en los diferentes sistemas politicos.--Piramide jerarquica del acto administrativo.--El acto administrativo y la desgalizacion de las fuentes.--Fuentes materiales del acto administrativo.--Jerarquia Normativa del acto administrativo.--Conflictos de la Jerarquia de los actos administrativos.--Actos administrativos y funcion administrativa.--Definicion de acto administrativo.--Forma de acto administrativo. --La operacion administrativa.--Los hechos administrativos.--Diferencias con los actos administrativos.--El acto administrativo y las vias de hecho.--Concepto-memorandos internos-circulares-cartas de instrucción.--ordenes adnministrativas.--Componentes estructurales del acto administrativo-Los elementos.--Motivacion del acto administrativo.--Las clasulas accesorias del acto administrativo
650 1 4 _aActos administrativos.
908 _a160627
942 _cBK
_h342.0664
_iP35a
_2ddc
999 _c49621
_d49621